Countries with unique letters - Statistics

General Stats
  • This quiz has been taken 1,055 times
    1,037 since last reset
  • The average score is 40 of 54
Answer Stats
Country % Correct
Brazil
89%
Chile
89%
France
89%
Peru
89%
Spain
88%
China
86%
Egypt
86%
Mexico
86%
Cuba
84%
Ireland
83%
Norway
83%
Oman
83%
Ecuador
82%
Iceland
82%
Germany
81%
Iran
81%
Iraq
81%
Italy
81%
Suriname
81%
Portugal
80%
Chad
79%
Turkey
79%
Belgium
78%
Denmark
78%
Laos
78%
Mali
78%
Estonia
77%
Libya
77%
Tonga
77%
Israel
75%
Poland
75%
Hungary
73%
Vietnam
73%
Jordan
72%
Niger
72%
Bhutan
71%
Serbia
71%
Ukraine
70%
Kenya
69%
Sudan
69%
Syria
69%
Belarus
68%
Nepal
68%
Kuwait
66%
Gabon
65%
Slovenia
65%
Switzerland
62%
Honduras
61%
Cyprus
60%
Guinea
60%
Brunei
59%
Singapore
50%
Uzbekistan
46%
Maldives
44%
No matching quizzes found
Score Distribution
Percent of People with Each Score
Percentile by Number Answered
Your Score History
You have not taken this quiz since the last reset